000
00200nam a2200097Ia 4500
008
240331s9999 xx 000 0 und d
082
_b
RAA
100
_a
Raamaamiriutam,L
245
0
_a
Apitaa
942
_c
L
999
_c
5416
_d
5416